Merseyside Derby XIs 1992-1997 - Statistics

General Stats
  • This quiz has been taken 61 times
  • The average score is 115 of 220
Answer Stats
Position Answer % Correct
FW Ian Rush LIVERPOOL 1-0 Everton (1992/93)
90%
FW Ian Rush Everton 2-0 LIVERPOOL (1993/94)
90%
FW Ian Rush LIVERPOOL 2-1 Everton (1993/94)
90%
FW Ian Rush Everton 2-0 LIVERPOOL (1994/95)
90%
FW Ian Rush LIVERPOOL 0-0 Everton (1994/95)
90%
FW Ian Rush LIVERPOOL 1-2 Everton (1995/96)
90%
FW Robbie Fowler LIVERPOOL 2-1 Everton (1993/94)
88%
FW Robbie Fowler Everton 2-0 LIVERPOOL (1994/95)
88%
FW Robbie Fowler LIVERPOOL 0-0 Everton (1994/95)
88%
FW Robbie Fowler LIVERPOOL 1-2 Everton (1995/96)
88%
FW Robbie Fowler Everton 1-1 LIVERPOOL (1995/96)
88%
FW Robbie Fowler LIVERPOOL 1-1 Everton (1996/97)
88%
FW Robbie Fowler Everton 1-1 LIVERPOOL (1996/97)
88%
FW John Barnes Everton 2-1 LIVERPOOL (1992/93)
81%
FW John Barnes LIVERPOOL 1-0 Everton (1992/93)
81%
MF John Barnes LIVERPOOL 2-1 Everton (1993/94)
81%
MF John Barnes Everton 2-0 LIVERPOOL (1994/95)
81%
MF John Barnes LIVERPOOL 0-0 Everton (1994/95)
81%
MF John Barnes LIVERPOOL 1-2 Everton (1995/96)
81%
MF John Barnes Everton 1-1 LIVERPOOL (1995/96)
81%
MF John Barnes LIVERPOOL 1-1 Everton (1996/97)
81%
MF John Barnes Everton 1-1 LIVERPOOL (1996/97)
81%
GK Neville Southall EVERTON 2-1 Liverpool (1992/93)
81%
GK Neville Southall Liverpool 1-0 EVERTON (1992/93)
81%
GK Neville Southall EVERTON 2-0 Liverpool (1993/94)
81%
GK Neville Southall Liverpool 2-1 EVERTON (1993/94)
81%
GK Neville Southall EVERTON 2-0 Liverpool (1994/95)
81%
GK Neville Southall Liverpool 0-0 EVERTON (1994/95)
81%
GK Neville Southall Liverpool 1-2 EVERTON (1995/96)
81%
GK Neville Southall EVERTON 1-1 Liverpool (1995/96)
81%
GK Neville Southall Liverpool 1-1 EVERTON (1996/97)
81%
GK Neville Southall EVERTON 1-1 Liverpool (1996/97)
81%
GK David James LIVERPOOL 1-0 Everton (1992/93)
79%
GK David James LIVERPOOL 2-1 Everton (1993/94)
79%
GK David James Everton 2-0 LIVERPOOL (1994/95)
79%
GK David James LIVERPOOL 0-0 Everton (1994/95)
79%
GK David James LIVERPOOL 1-2 Everton (1995/96)
79%
GK David James Everton 1-1 LIVERPOOL (1995/96)
79%
GK David James LIVERPOOL 1-1 Everton (1996/97)
79%
GK David James Everton 1-1 LIVERPOOL (1996/97)
79%
GK Bruce Grobbelaar Everton 2-0 LIVERPOOL (1993/94)
77%
MF Steve McManaman Everton 2-1 LIVERPOOL (1992/93)
77%
MF Steve McManaman LIVERPOOL 1-0 Everton (1992/93)
77%
MF Steve McManaman Everton 2-0 LIVERPOOL (1993/94)
77%
MF Steve McManaman LIVERPOOL 2-1 Everton (1993/94)
77%
MF Steve McManaman Everton 2-0 LIVERPOOL (1994/95)
77%
MF Steve McManaman LIVERPOOL 0-0 Everton (1994/95)
77%
MF Steve McManaman LIVERPOOL 1-2 Everton (1995/96)
77%
MF Steve McManaman Everton 1-1 LIVERPOOL (1995/96)
77%
MF Steve McManaman LIVERPOOL 1-1 Everton (1996/97)
77%
MF Steve McManaman Everton 1-1 LIVERPOOL (1996/97)
77%
FW Duncan Ferguson EVERTON 2-0 Liverpool (1994/95)
75%
FW Duncan Ferguson Liverpool 0-0 EVERTON (1994/95)
75%
FW Duncan Ferguson EVERTON 1-1 Liverpool (1995/96)
75%
FW Duncan Ferguson EVERTON 1-1 Liverpool (1996/97)
75%
MF Jamie Redknapp Everton 2-1 LIVERPOOL (1992/93)
67%
MF Jamie Redknapp Everton 2-0 LIVERPOOL (1993/94)
67%
MF Jamie Redknapp LIVERPOOL 2-1 Everton (1993/94)
67%
MF Jamie Redknapp LIVERPOOL 0-0 Everton (1994/95)
67%
MF Jamie Redknapp Everton 1-1 LIVERPOOL (1995/96)
67%
MF Jamie Redknapp LIVERPOOL 1-1 Everton (1996/97)
67%
MF Jamie Redknapp Everton 1-1 LIVERPOOL (1996/97)
67%
DF Mark Wright Everton 2-1 LIVERPOOL (1992/93)
67%
DF Mark Wright LIVERPOOL 1-0 Everton (1992/93)
67%
DF Mark Wright Everton 2-0 LIVERPOOL (1993/94)
67%
DF Mark Wright LIVERPOOL 2-1 Everton (1993/94)
67%
DF Mark Wright LIVERPOOL 1-2 Everton (1995/96)
67%
DF Mark Wright Everton 1-1 LIVERPOOL (1995/96)
67%
DF Mark Wright LIVERPOOL 1-1 Everton (1996/97)
67%
DF Mark Wright Everton 1-1 LIVERPOOL (1996/97)
67%
FW Peter Beardsley EVERTON 2-1 Liverpool (1992/93)
67%
FW Peter Beardsley Liverpool 1-0 EVERTON (1992/93)
67%
DF Rob Jones Everton 2-1 LIVERPOOL (1992/93)
65%
DF Rob Jones LIVERPOOL 2-1 Everton (1993/94)
65%
DF Rob Jones Everton 2-0 LIVERPOOL (1994/95)
65%
DF Rob Jones LIVERPOOL 0-0 Everton (1994/95)
65%
DF Rob Jones LIVERPOOL 1-2 Everton (1995/96)
65%
DF Rob Jones Everton 1-1 LIVERPOOL (1995/96)
65%
DF Rob Jones Everton 1-1 LIVERPOOL (1996/97)
65%
DF Dave Watson EVERTON 2-1 Liverpool (1992/93)
63%
DF Dave Watson Liverpool 1-0 EVERTON (1992/93)
63%
DF Dave Watson Liverpool 2-1 EVERTON (1993/94)
63%
DF Dave Watson EVERTON 2-0 Liverpool (1994/95)
63%
DF Dave Watson Liverpool 0-0 EVERTON (1994/95)
63%
DF Dave Watson Liverpool 1-2 EVERTON (1995/96)
63%
DF Dave Watson EVERTON 1-1 Liverpool (1995/96)
63%
DF Dave Watson Liverpool 1-1 EVERTON (1996/97)
63%
DF Dave Watson EVERTON 1-1 Liverpool (1996/97)
63%
DF David Unsworth EVERTON 2-1 Liverpool (1992/93)
58%
DF David Unsworth EVERTON 2-0 Liverpool (1994/95)
58%
DF David Unsworth Liverpool 0-0 EVERTON (1994/95)
58%
DF David Unsworth EVERTON 1-1 Liverpool (1995/96)
58%
DF David Unsworth Liverpool 1-1 EVERTON (1996/97)
58%
DF David Unsworth EVERTON 1-1 Liverpool (1996/97)
58%
DF Neil Ruddock Everton 2-0 LIVERPOOL (1993/94)
56%
DF Neil Ruddock LIVERPOOL 2-1 Everton (1993/94)
56%
DF Neil Ruddock Everton 2-0 LIVERPOOL (1994/95)
56%
DF Neil Ruddock LIVERPOOL 0-0 Everton (1994/95)
56%
DF Neil Ruddock Everton 1-1 LIVERPOOL (1995/96)
56%
DF Neil Ruddock LIVERPOOL 1-1 Everton (1996/97)
56%
MF Jason McAteer LIVERPOOL 1-2 Everton (1995/96)
54%
MF Jason McAteer Everton 1-1 LIVERPOOL (1995/96)
54%
MF Jason McAteer LIVERPOOL 1-1 Everton (1996/97)
54%
FW Paul Rideout EVERTON 2-0 Liverpool (1993/94)
52%
FW Paul Rideout Liverpool 0-0 EVERTON (1994/95)
52%
FW Paul Rideout Liverpool 1-2 EVERTON (1995/96)
52%
DF Phil Babb Everton 2-0 LIVERPOOL (1994/95)
52%
DF Phil Babb LIVERPOOL 0-0 Everton (1994/95)
52%
DF Phil Babb LIVERPOOL 1-2 Everton (1995/96)
52%
DF John Scales Everton 2-0 LIVERPOOL (1994/95)
50%
DF John Scales LIVERPOOL 0-0 Everton (1994/95)
50%
DF John Scales LIVERPOOL 1-2 Everton (1995/96)
50%
DF John Scales Everton 1-1 LIVERPOOL (1995/96)
50%
FW Tony Cottee Liverpool 1-0 EVERTON (1992/93)
50%
FW Tony Cottee EVERTON 2-0 Liverpool (1993/94)
50%
FW Tony Cottee Liverpool 2-1 EVERTON (1993/94)
50%
FW Stan Collymore Everton 1-1 LIVERPOOL (1995/96)
48%
MF Jan Mølby Everton 2-0 LIVERPOOL (1994/95)
44%
MF Mark Walters LIVERPOOL 1-0 Everton (1992/93)
44%
MF Mark Walters Everton 2-0 LIVERPOOL (1993/94)
44%
DF Stig Inge Bjørnebye Everton 2-0 LIVERPOOL (1994/95)
44%
DF Stig Inge Bjørnebye LIVERPOOL 0-0 Everton (1994/95)
44%
DF Stig Inge Bjørnebye LIVERPOOL 1-1 Everton (1996/97)
44%
DF Stig Inge Bjørnebye Everton 1-1 LIVERPOOL (1996/97)
44%
DF Gary Ablett EVERTON 2-1 Liverpool (1992/93)
42%
DF Gary Ablett Liverpool 1-0 EVERTON (1992/93)
42%
DF Gary Ablett EVERTON 2-0 Liverpool (1993/94)
42%
DF Gary Ablett EVERTON 2-0 Liverpool (1994/95)
42%
DF Gary Ablett Liverpool 1-2 EVERTON (1995/96)
42%
DF Julian Dicks Everton 2-0 LIVERPOOL (1993/94)
42%
DF Julian Dicks LIVERPOOL 2-1 Everton (1993/94)
42%
MF Nick Barmby Liverpool 1-1 EVERTON (1996/97)
42%
DF Steve Nicol Everton 2-1 LIVERPOOL (1992/93)
42%
DF Steve Nicol LIVERPOOL 1-0 Everton (1992/93)
42%
DF Steve Nicol Everton 2-0 LIVERPOOL (1993/94)
42%
MF Don Hutchison Everton 2-1 LIVERPOOL (1992/93)
40%
MF Don Hutchison LIVERPOOL 1-0 Everton (1992/93)
40%
MF Michael Thomas LIVERPOOL 1-1 Everton (1996/97)
40%
MF Michael Thomas Everton 1-1 LIVERPOOL (1996/97)
40%
MF Nigel Clough Everton 2-0 LIVERPOOL (1993/94)
40%
MF Ronnie Whelan LIVERPOOL 1-0 Everton (1992/93)
40%
MF Ronnie Whelan Everton 2-0 LIVERPOOL (1993/94)
40%
MF Ronnie Whelan LIVERPOOL 2-1 Everton (1993/94)
40%
MF Andrei Kanchelskis Liverpool 1-2 EVERTON (1995/96)
38%
MF Andrei Kanchelskis EVERTON 1-1 Liverpool (1995/96)
38%
FW Andrei Kanchelskis Liverpool 1-1 EVERTON (1996/97)
38%
DF Andy Hinchcliffe Liverpool 1-0 EVERTON (1992/93)
38%
DF Andy Hinchcliffe EVERTON 2-0 Liverpool (1993/94)
38%
DF Andy Hinchcliffe Liverpool 2-1 EVERTON (1993/94)
38%
DF Andy Hinchcliffe EVERTON 2-0 Liverpool (1994/95)
38%
DF Andy Hinchcliffe Liverpool 0-0 EVERTON (1994/95)
38%
DF Andy Hinchcliffe EVERTON 1-1 Liverpool (1995/96)
38%
DF Andy Hinchcliffe Liverpool 1-1 EVERTON (1996/97)
38%
MF Anders Limpar Liverpool 1-2 EVERTON (1995/96)
35%
DF Bjørn Tore Kvarme Everton 1-1 LIVERPOOL (1996/97)
35%
MF Gary Speed Liverpool 1-1 EVERTON (1996/97)
35%
MF Gary Speed EVERTON 1-1 Liverpool (1996/97)
35%
MF Graham Stuart Liverpool 2-1 EVERTON (1993/94)
35%
MF Graham Stuart Liverpool 1-2 EVERTON (1995/96)
35%
MF Graham Stuart Liverpool 1-1 EVERTON (1996/97)
35%
MF Graham Stuart EVERTON 1-1 Liverpool (1996/97)
35%
MF Barry Horne EVERTON 2-1 Liverpool (1992/93)
33%
MF Barry Horne EVERTON 2-0 Liverpool (1993/94)
33%
MF Barry Horne EVERTON 2-0 Liverpool (1994/95)
33%
MF Barry Horne Liverpool 0-0 EVERTON (1994/95)
33%
MF Barry Horne EVERTON 1-1 Liverpool (1995/96)
33%
FW Daniel Amokachi EVERTON 2-0 Liverpool (1994/95)
33%
FW Daniel Amokachi EVERTON 1-1 Liverpool (1995/96)
33%
MF John Ebbrell Liverpool 1-0 EVERTON (1992/93)
33%
MF John Ebbrell EVERTON 2-0 Liverpool (1993/94)
33%
MF John Ebbrell Liverpool 2-1 EVERTON (1993/94)
33%
MF John Ebbrell EVERTON 2-0 Liverpool (1994/95)
33%
MF John Ebbrell Liverpool 0-0 EVERTON (1994/95)
33%
MF John Ebbrell Liverpool 1-2 EVERTON (1995/96)
33%
MF John Ebbrell EVERTON 1-1 Liverpool (1995/96)
33%
DF Matt Jackson Liverpool 1-0 EVERTON (1992/93)
33%
DF Matt Jackson EVERTON 2-0 Liverpool (1993/94)
33%
DF Matt Jackson Liverpool 2-1 EVERTON (1993/94)
33%
DF Matt Jackson EVERTON 2-0 Liverpool (1994/95)
33%
DF Matt Jackson Liverpool 0-0 EVERTON (1994/95)
33%
DF Matt Jackson Liverpool 1-2 EVERTON (1995/96)
33%
GK Mike Hooper Everton 2-1 LIVERPOOL (1992/93)
33%
DF Steve Harkness LIVERPOOL 1-0 Everton (1992/93)
33%
DF Steve Harkness LIVERPOOL 1-2 Everton (1995/96)
33%
DF Steve Harkness Everton 1-1 LIVERPOOL (1996/97)
33%
DF Dominic Matteo LIVERPOOL 1-1 Everton (1996/97)
31%
MF Joe Parkinson EVERTON 2-0 Liverpool (1994/95)
31%
MF Joe Parkinson Liverpool 0-0 EVERTON (1994/95)
31%
MF Joe Parkinson Liverpool 1-2 EVERTON (1995/96)
31%
MF Joe Parkinson Liverpool 1-1 EVERTON (1996/97)
31%
MF Mike Marsh Everton 2-1 LIVERPOOL (1992/93)
31%
FW Stuart Barlow EVERTON 2-1 Liverpool (1992/93)
31%
DF David Burrows LIVERPOOL 1-0 Everton (1992/93)
29%
DF David Burrows Liverpool 0-0 EVERTON (1994/95)
29%
MF Peter Beagrie EVERTON 2-0 Liverpool (1993/94)
29%
MF Peter Beagrie Liverpool 2-1 EVERTON (1993/94)
29%
DF Mark Ward Liverpool 1-0 EVERTON (1992/93)
27%
MF Mark Ward EVERTON 2-0 Liverpool (1993/94)
27%
FW Mo Johnston EVERTON 2-1 Liverpool (1992/93)
27%
FW Ronny Rosenthal Everton 2-1 LIVERPOOL (1992/93)
27%
DF Craig Short Liverpool 1-2 EVERTON (1995/96)
25%
DF Craig Short EVERTON 1-1 Liverpool (1996/97)
25%
DF Earl Barrett Liverpool 1-1 EVERTON (1996/97)
25%
DF Earl Barrett EVERTON 1-1 Liverpool (1996/97)
25%
MF Preki Liverpool 2-1 EVERTON (1993/94)
23%
MF Tony Grant EVERTON 1-1 Liverpool (1995/96)
23%
MF Tony Grant Liverpool 1-1 EVERTON (1996/97)
23%
MF Ian Snodin EVERTON 2-1 Liverpool (1992/93)
21%
MF Ian Snodin Liverpool 1-0 EVERTON (1992/93)
21%
MF Ian Snodin Liverpool 2-1 EVERTON (1993/94)
21%
DF Martin Keown EVERTON 2-1 Liverpool (1992/93)
21%
MF Billy Kenny EVERTON 2-1 Liverpool (1992/93)
15%
MF Billy Kenny Liverpool 1-0 EVERTON (1992/93)
15%
FW Brett Angell Liverpool 2-1 EVERTON (1993/94)
13%
DF Marc Hottiger EVERTON 1-1 Liverpool (1995/96)
13%
DF Paul Holmes EVERTON 2-0 Liverpool (1993/94)
13%
DF Richard Dunne EVERTON 1-1 Liverpool (1996/97)
13%
DF Torben Piechnik Everton 2-1 LIVERPOOL (1992/93)
13%
FW Michael Branch EVERTON 1-1 Liverpool (1996/97)
10%
MF Claus Thomsen EVERTON 1-1 Liverpool (1996/97)
4%
No matching quizzes found
Score Distribution
Percent of People with Each Score
Percentile by Number Answered
Your Score History
You have not taken this quiz